000 00725nam a2200289Ia 4500
005 20260324145720.0
008 008 260324s9999 xx 000 0 eng d
020 _a9781315774893
037 _aEBOOK
040 _aCRL
040 _beng
040 _cCRL
041 _2eng
041 _aeng
084 _qCRL
100 _aLars-Goran Nilsson
_91221150
245 0 _aPerspectives on Memory Research (PLE:Memory)
245 0 _bEssays in Honor of Uppsala University's 500th Anniversary
260 _bTaylor and Francis
260 _c1979
365 _a
365 _b290
856 _uhttp://www.taylorfrancis.com/books/9781315774893
942 _cEBOOK
999 _c1832236
_d1832236